Регионална библиотека "Любен Каравелов" - Русе

ИЗБРАННЬIЕ произведения мыслителей стран Ближнего и Среднего востока IX-XIV вв. (Запис номер 344093)

MARC детайли
000 -Лидер
Контролно поле с фиксирана дължина 01044nam a2200265 c 4500
003 - Код на организацията, давaща контролен номер
Контролно поле BLK
005 - Дата и час на последна редакция
Контролно поле 20190913121258.0
008 - Елементи от данни с фиксирана дължина
fixed length control field 180911b bul|||||r ||||||| ||bul||
010 ## - Наследен системен номер
LC control number 003756
040 ## - Източник на каталожния запис
Идентификатор на билиотеката - собственик на записа BLK
041 ## - Код за език
Код за езика на текст/звукозапис или на отделно заглавие Руски
080 ## - УДК
УДК - код + определител 89-8
100 1# - Редна дума - Автор
Автор
Авторска отговорност първи автор
245 10 - Сведения за заглавието
Заглавие ИЗБРАННЬIЕ произведения мыслителей стран Ближнего и Среднего востока IX-XIV вв.
246 ## - Различни форми на заглавието
Подзаглавни данни ИЗБРАННыЕ произведения мыслителей стран Ближнего и Среднего Востока IX-XIV вв.
260 ## - Област на издателските данни
Място на издаване, разпространение и проч. Москва
Име на издателя, разпространителя и проч. Изд. социально-экон. лит.
Година на издаване 1961
300 ## - Физическа характеристика
Страници 630 с
Размери/Мащаб 22 см
380 ## - Жанр
Жанр Литературознание
490 ## - СЕРИИ (Колекции)
Име на серия Частна колекция - Академик Михаил Арнаудов
Бележки за серията Дарение - Основен фонд
655 ## - Ключова дума – жанр/разновидност
Данни за жанр/разновидност или ключова дума за фокус Литература
700 1# - Други автори (авторска отговорност)
Лично име С. Грегорян
Автороска отговорност (Описва отношението между автора и произведението) Состав.
700 1# - Други автори (авторска отговорност)
Лично име А. Сагадеев
852 ## - Местоположение
Форматна сигнатура МА 1510
942 ## - АРТИКУЛИ
Вид на библиотечния материал Книги
Скрит в OPAC Не
944 ## - СЪЗДАВАНЕ И РЕДАКЦИЯ на ЗАПИСА
Създаване/Редакция Създаване
Дата на регистрацията/редакция 1996
Служител, извършил регистрацията/редакцията ValK
999 ## - СИСТЕМНИ КОНТРОЛНИ НОМЕРА
Koha biblionumber 344093
Koha biblioitemnumber 344093
Наличности
Код за отписване Код за изгубен артикул Източник на класификационната схема Код за повреда Коз за рестрикции Код за отдаване Артикулен № Име на библиотеката - собственик Име на библиотеката, в която се намира в момента Статус (Текущо местоположение) Местоположение - отдел Цена в лева Номерация (Хронология) Инвентарен номер Систематично азбучна сигнатура Баркод Номер на екземпляра Цена в евро Служебен тип на артикула
  Не е изгубен Universal Decimal Classification Не е повреден без рестрикции Специални фондове ( старопечатни, редки и ценни, фонд М. Арнаудов) 744449 Регионална библиотека "Любен Каравелов" Русе Регионална библиотека "Любен Каравелов" Русе Фонд "Михаил Арнаудов" Фонд "Михаил Арнаудов" 60.00   588835 МА 1510 120000588835 1 30.68 Книги
Vip Innovations Ltd, Rousse, Bulgaria 2025